Ethnic Groups - Which Country Has the Most...? - Statistics

General Stats
  • This quiz has been taken 776 times
  • The average score is 9 of 15
Answer Stats
Question Answer % Correct
Uyghurs China
92%
Basques Spain
86%
Saami Norway
83%
Quechuas Peru
83%
Kurds Turkey
72%
Somalis Somalia
70%
Tamils India
69%
Punjabis Pakistan
63%
Azerbaijanis Iran
61%
Mongols China
51%
Portuguese Brazil
49%
Berbers Morocco
48%
Inuk Canada
39%
Hmong China
39%
Romani (Gypsies) Egypt
1%
No matching quizzes found
Score Distribution
Percent of People with Each Score
Percentile by Number Answered
Your Score History
You have not taken this quiz